Introduction to the physics of stellar interiors (Record no. 4721)

MARC details
000 -LEADER
fixed length control field 00691nam a2200217Ia 4500
003 - CONTROL NUMBER IDENTIFIER
control field IN-BaIIA
008 - FIXED-LENGTH DATA ELEMENTS--GENERAL INFORMATION
fixed length control field 211028s9999 xx 000 0 eng d
020 ## - INTERNATIONAL STANDARD BOOK NUMBER
International Standard Book Number 90-277-0279-9
040 ## - CATALOGING SOURCE
Transcribing agency IIA Library
080 ## - UNIVERSAL DECIMAL CLASSIFICATION NUMBER
Universal Decimal Classification number 52(082.1)
Item number ASS-34
100 ## - MAIN ENTRY--PERSONAL NAME
Personal name Kourganoff, V
9 (RLIN) 2644
245 #0 - TITLE STATEMENT
Title Introduction to the physics of stellar interiors
Statement of responsibility, etc. V. Kourganoff
260 ## - PUBLICATION, DISTRIBUTION, ETC.
Place of publication, distribution, etc. Dordrecht
Name of publisher, distributor, etc. D. Reidel Publishing
Date of publication, distribution, etc. 1973
300 ## - PHYSICAL DESCRIPTION
Extent xi, 115p.
490 ## - SERIES STATEMENT
Series statement Astrophysics and space science library; v. 34
650 ## - SUBJECT ADDED ENTRY--TOPICAL TERM
Topical term or geographic name entry element  Steddllar interiors 
9 (RLIN) 8374
650 ## - SUBJECT ADDED ENTRY--TOPICAL TERM
Topical term or geographic name entry element  Stellar atomspheres
9 (RLIN) 8375
650 ## - SUBJECT ADDED ENTRY--TOPICAL TERM
Topical term or geographic name entry element  Stellar structure 
9 (RLIN) 8376
650 ## - SUBJECT ADDED ENTRY--TOPICAL TERM
Topical term or geographic name entry element Astronomy and astrophysics thesaurus 
9 (RLIN) 1143
942 ## - ADDED ENTRY ELEMENTS (KOHA)
Koha item type Books
Holdings
Withdrawn status Lost status Damaged status Not for loan Home library Current library Shelving location Date acquired Total Checkouts Full call number Barcode Date last seen Price effective from Koha item type
        IIA Library-Bangalore IIA Library-Bangalore General Stacks 08/05/1975   52(082.1)/ ASS-34 5276 05/11/2021 08/05/1975 Books

Powered by Koha